000 00581nam a2200229Ia 4500
003 0100
008 130303s9999 xx 000 0 und d
020 _a0809104474
040 _cARRUPELIB
050 _aBX3756.I3G15 1991
100 _aIgnatius of Loyola, St
245 _aIgnatius of Loyola
245 _bthe spiritual exercises and selected works
260 _aNew York
260 _bPaulist Press
260 _C1991
300 _axi
300 _b 503p. 22cm
440 _aThe Classics of Western Spirituality
700 _aGanss, George E. (ed.)
942 0 0 _04
999 _c11095
_d11095